[Event "GER North-chT U16"]
[Site "Magdeburg"]
[Date "2006.08.28"]
[Round "5.3"]
[White "Busch, Tobias"]
[Black "Soelter, Jakob Paul"]
[Result "1-0"]
[WhiteElo "784"]
[BlackElo "922"]
[PlyCount "47"]
[EventDate "2006.08.26"]
[EventType "team"]
[EventRounds "7"]
[EventCountry "GER"]
[SourceTitle "EXT 2007"]
[Source "ChessBase"]
[SourceDate "2006.11.23"]
[SourceVersion "1"]
[SourceVersionDate "2006.11.23"]
[SourceQuality "1"]

1. e4 e6 2. Nf3 Nc6 3. d4 d5 4. exd5 exd5 5. Bd3 Be7 6. 0-0 h6 7. Re1 Nf6 8. Bf4 0-0 9. Qc1 Ng4 10. h3 g5 11. Be5 Ngxe5 12. dxe5 Re8 13. c3 b6 14. Bc2 Bb7 15. Qd1 Kg7 16. Qd3 Rh8 17. e6 Ba6 18. Qxa6 Rb8 19. Qd3 Qd6 20. exf7 Kxf7 21. Nbd2 Rbe8 22. Re2 Bf6 23. Qg6+ Kf8 24. Rxe8# 1-0

[Event "GER North-chT U16"]
[Site "Magdeburg"]
[Date "2006.08.27"]
[Round "4.2"]
[White "Soisson, Mickael"]
[Black "Soelter, Jakob Paul"]
[Result "1-0"]
[WhiteElo "1055"]
[BlackElo "922"]
[PlyCount "81"]
[EventDate "2006.08.26"]
[EventType "team"]
[EventRounds "7"]
[EventCountry "GER"]
[SourceTitle "EXT 2007"]
[Source "ChessBase"]
[SourceDate "2006.11.23"]
[SourceVersion "1"]
[SourceVersionDate "2006.11.23"]
[SourceQuality "1"]

1. e4 e5 2. Nf3 d6 3. Bc4 Nc6 4. Nc3 h6 5. h3 Nf6 6. d3 Bd7 7. Be3 a6 8. 0-0 Ne7 9. Ne2 Qc8 10. Ng3 Be6 11. Bxe6 Qxe6 12. Re1 0-0-0 13. d4 d5 14. exd5 Nexd5 15. Nxe5 Nxe3 16. Rxe3 Bc5 17. c3 Bd6 18. Ng6 Qd5 19. Nxh8 Rxh8 20. Qf3 g6 21. Qxf6 Rf8 22. Rae1 Qc6 23. Ne4 b6 24. Nxd6+ Qxd6 25. Qxd6 cxd6 26. Re8+ Rxe8 27. Rxe8+ Kd7 28. Re3 a5 29. b4 axb4 30. cxb4 Kc6 31. a4 f5 32. f3 g5 33. Re6 Kd5 34. Rxh6 Kxd4 35. Rxd6+ Ke5 36. Rxb6 Kf4 37. a5 g4 38. hxg4 fxg4 39. fxg4 Kxg4 40. a6 Kf4 41. a7 1-0